| 000 | 01172cam a2200337 a 4500 | ||
|---|---|---|---|
| 001 | 1354 | ||
| 005 | 20230821092345.0 | ||
| 008 | 110726s2012 nyua j b 001 0 eng | ||
| 020 | _a9780531246801 (library binding) | ||
| 020 | _a0531246809 (library binding) | ||
| 020 | _a9780531282748 (pbk.) | ||
| 020 | _a0531282740 (pbk.) | ||
| 020 | _a9780329917142 (Follett bdg.) | ||
| 020 | _a0329917145 (Follett bdg.) | ||
| 040 |
_aDLC _beng _cDLC _dIG# _dBTCTA _dYCC _dVHP _dBDX _dGRC _dDLC |
||
| 050 | 0 | 0 |
_aQE714.5 _b.G738 2012 |
| 082 | 0 | 0 |
_a560 _223 |
| 100 | 1 | _aGray, Susan Heinrichs. | |
| 245 | 1 | 0 |
_aPaleontology the study of prehistoric life / _cSusan H. Gray. |
| 260 |
_aNew York : _bChildren's Press, _c2012. |
||
| 300 |
_a48 pages : _bcolor illustrations ; _c22 cm |
||
| 490 | 0 | _aA true book | |
| 505 | _aQ | ||
| 520 | _aPresents general information about paleontologists, what they learn about prehistoric animals and vegetation by studying them. | ||
| 521 |
_a860
_bLexile |
||
| 521 |
_aQ
_bRaz-Plus |
||
| 650 | 0 |
_aPaleontology _vJuvenile literature. |
|
| 650 | 1 | _aPaleontology. | |
| 906 |
_a7 _bcbc _corignew _d1 _eecip _f20 _gy-gencatlg |
||
| 942 |
_2ddc _cBK _n0 |
||
| 999 |
_c1354 _d1354 |
||